| 000 | 00839cab a2200229 4500 | ||
|---|---|---|---|
| 001 | WB3027-10 | ||
| 008 | 090401t1994 xxu||||| |||| 00| 0 eng d | ||
| 035 | _a(Sirsi) u4227 | ||
| 041 | _aeng | ||
| 245 | _aLondon Docklands picking up | ||
| 260 | _c1994 | ||
| 350 | _a0 | ||
| 490 |
_aFinancial Times _v11 July 1994, 35 |
||
| 520 | _aThe LDDC annual report shows that more than 800,000sq ft of office space was let in 1993, the highest level since 1987. As the LDDC prepares to hand over its first land to local authority control by the end of 1994, there is anxiety about the future of the area once the LDCC is wound up in 1998. | ||
| 650 | _aPROPERTY-COMMERCIAL PROPERTY | ||
| 650 | _aDOCKLANDS | ||
| 650 | _aLDDC | ||
| 650 | _aLONDON DOCKLANDS | ||
| 690 | _aPROPERTY-COMMERCIAL PROPERTY | ||
| 942 | _n0 | ||
| 948 | _c04/03/1997 | ||
| 999 |
_c2531 _d2531 |
||